000 00537cam a2200217ua 4500
001 11012
005 20260515114706.0
008 190730n ii |||gr||||Z||||||asm
020 _a8173394458
040 _cMAIN
041 _aasm
082 _a302.2
100 _aNirajana Mahanta Bezborah,
_eAuthor.
245 _aYogayog kala
_cBy Nirajana Mahanta Bezborah
250 _a5th ed.
260 _aDibrugarh:
_bBanalata,
_c2019.
300 _a150p.
653 _aSocial interaction
653 _aTechnical communication
942 _cBK
999 _c9908
_d9908